Women's Rights in Islam (Record no. 23627)

000 -LEADER
fixed length control field 00245nam a22000857a 4500
003 - CONTROL NUMBER IDENTIFIER
control field Nust
005 - DATE AND TIME OF LATEST TRANSACTION
control field 20170526161324.0
008 - FIXED-LENGTH DATA ELEMENTS--GENERAL INFORMATION
fixed length control field 131220b xxu||||| |||| 00| 0 eng d
020 ## - INTERNATIONAL STANDARD BOOK NUMBER
Terms of availability Available
International Standard Book Number 6964322502
040 ## - CATALOGING SOURCE
Original cataloging agency DLC
Language of cataloging DLC
Transcribing agency RCMS
082 ## - DEWEY DECIMAL CLASSIFICATION NUMBER
Classification number 297.1978344 CHA
100 ## - MAIN ENTRY--PERSONAL NAME
Personal name Muhammad Sharif Chaudhry.
9 (RLIN) 480
245 ## - TITLE STATEMENT
Title Women's Rights in Islam
Statement of responsibility, etc. Chaudhry,Muhammad Sharif
260 ## - PUBLICATION, DISTRIBUTION, ETC.
Place of publication, distribution, etc. Lahore
Name of publisher, distributor, etc. Sh.Muhmmad Ashraf
Date of publication, distribution, etc. c2007
300 ## - PHYSICAL DESCRIPTION
Extent xiv, 204 p. ;
Other physical details ill:
Dimensions 24,cm.
538 ## - SYSTEM DETAILS NOTE
Display text Shelf # 13, Row # 3, Fiction.
650 ## - SUBJECT ADDED ENTRY--TOPICAL TERM
Topical term or geographic name entry element 1.Women in Islam.2.Women and religion--Islam.
9 (RLIN) 481
856 ## - ELECTRONIC LOCATION AND ACCESS
Materials specified Table of Content Only
942 ## - ADDED ENTRY ELEMENTS (KOHA)
Source of classification or shelving scheme
Koha item type Fiction
Holdings
Withdrawn status Lost status Source of classification or shelving scheme Damaged status Not for loan Permanent Location Current Location Shelving location Date acquired Total Checkouts Full call number Barcode Date last seen Price effective from Koha item type Date last checked out
          School of Interdisciplinary Engineering and Sciences (SINES) School of Interdisciplinary Engineering and Sciences (SINES) Fiction 12/20/2013   297.082SHA RCMS000880 12/20/2013 12/20/2013 Book  
          School of Interdisciplinary Engineering and Sciences (SINES) School of Interdisciplinary Engineering and Sciences (SINES) Fiction 12/20/2013 1 297.082 SHA RCMS000881 10/17/2014 12/20/2013 Book 09/24/2014
© 2023 Central Library, National University of Sciences and Technology. All Rights Reserved.